| 000 | 00475nam a22001697a 4500 | ||
|---|---|---|---|
| 005 | 20231117143512.0 | ||
| 008 | 231117b ||||| |||| 00| 0 eng d | ||
| 040 | _cAL | ||
| 041 | _aeng | ||
| 082 |
_223 _a510 _bPRAT |
||
| 100 |
_aPrabhakara and others _9141876 |
||
| 245 | _aText Book of Mathematics Pre University Part II | ||
| 260 |
_aBangalore _bNudid Publications _c1989 |
||
| 650 |
_aMathematics _9141877 |
||
| 700 |
_aPRABHAKER and others _9141878 |
||
| 942 |
_2ddc _cBK |
||
| 999 |
_c229208 _d229208 |
||